The Lemon Twigs Songs Quiz - Statistics

General Stats
  • This quiz has been taken 17 times
  • The average score is 33 of 71
Answer Stats
Year Album Song % Correct
2023 Everything Harmony In My Head
80%
2024 A Dream Is All We Know A Dream is All I Know
70%
2023 Everything Harmony Any Time of Day
70%
2024 A Dream Is All We Know Church Bells
70%
2016 Do Hollywood I Wanna Prove to You
70%
2023 Everything Harmony Corner of My Eye
60%
2023 Everything Harmony Every Day is the Worst Day of My Life
60%
2023 Everything Harmony Everything Harmony
60%
2018 Go to School Go to School
60%
2024 A Dream Is All We Know My Golden Years
60%
2023 Everything Harmony New to Me
60%
2024 A Dream Is All We Know Peppermint Roses
60%
2023 Everything Harmony Still It's Not Enough
60%
2018 Go to School The Bully
60%
2020 Songs for the General Public The One
60%
2024 A Dream Is All We Know They Don't Know How to Fall in Place
60%
2016 Do Hollywood A Great Snake
50%
2020 Songs for the General Public Ashamed
50%
2016 Do Hollywood As Long As We're Together
50%
2016 Do Hollywood Baby, Baby
50%
2023 Everything Harmony Born to Be Lonely
50%
2024 A Dream Is All We Know Ember Days
50%
2016 Do Hollywood Frank
50%
2023 Everything Harmony Ghost Run Free
50%
2020 Songs for the General Public Hog
50%
2024 A Dream Is All We Know How Can I Love Her More
50%
2020 Songs for the General Public Leather Together
50%
2018 Go to School Lonely
50%
2020 Songs for the General Public Moon
50%
2018 Go to School Never Know
50%
2017 Brothers of Destruction EP Night Song
50%
2020 Songs for the General Public Only a Fool
50%
2018 Go to School Queen of My School
50%
2018 Go to School Rock Dreams
50%
2024 A Dream Is All We Know Rock On (Over and Over)
50%
2018 Go to School Small Victories
50%
2018 Go to School The Fire
50%
2018 Go to School The Lesson
50%
2016 Do Hollywood These Words
50%
2023 Everything Harmony When Winter Comes Around
50%
2020 Songs for the General Public Why Do Lovers Own Each Other
50%
2017 Brothers of Destruction EP Beautiful
40%
2018 Go to School Born Wrong/Heart Song
40%
2020 Songs for the General Public Fight
40%
2018 Single Foolin' Around
40%
2016 Do Hollywood Haroomata
40%
2020 Songs for the General Public Hell on Wheels
40%
2016 Do Hollywood Hi+Lo
40%
2018 Go to School Home of a Heart (The Woods)
40%
2023 Everything Harmony I Don't Belong to Me
40%
2018 Go to School If You Give Enough
40%
2024 A Dream Is All We Know In the Eyes of the Girl
40%
2017 Brothers of Destruction EP Light and Love
40%
2018 Go to School Never in My Arms, Always in My Heart
40%
2017 Brothers of Destruction EP So Fine
40%
2020 Songs for the General Public Somebody Loving You
40%
2018 Single Tailor Made
40%
2018 Go to School The Student Becomes the Teacher
40%
2018 Go to School This is My Tree
40%
2017 Brothers of Destruction EP Why Didn't You Say That
40%
2018 Go to School Wonderin' Ways
40%
2017 Brothers of Destruction EP Intro
30%
2024 A Dream Is All We Know I Should Have Known Right from the Start
30%
2020 Songs for the General Public Live in Favor of Tomorrow
30%
2024 A Dream Is All We Know Sweet Vibration
30%
2023 Everything Harmony What Happens to a Heart
30%
2023 Everything Harmony What You Were Doing
30%
2016 Do Hollywood How Lucky Am I?
20%
2020 Songs for the General Public No One Holds You (Closer Than the One You Haven't Met)
20%
2016 Do Hollywood Those Days is Comin' Soon
20%
2024 A Dream Is All We Know You and I Are Not Wise
20%
No matching quizzes found
Score Distribution
Percent of People with Each Score
Percentile by Number Answered
Your Score History
You have not taken this quiz